00509nam a2200169 a 4500008004100000020001800041050001400059100002300073245006800096250001600164260004300180300003100223350001100254650002500265650001900290650003000309191128s2016 xx |||||||||||||| || u a9780702051838 aRL 95 Pat aPatterson, James W10aWeedon's skin pathology (fourth edition)cBy James W. Patterson a4th edition abChurchill Livingstone/Elsevierc2016 a1252 pages : illustrations a189.08 aSKIN--HISTOPATHOLOGY aSKIN--DISEASES aSKIN--DISEASES--DIAGNOSIS